The Origins of Kuwait /
Since the discovery of the worlds third largest oil reserves within its borders, Kuwait has achieved international political prominence far exceeding its physical size. The country had already played a role in history before, however. Local sources take that history back to the beginning of the nine...
المؤلف الرئيسي:
التنسيق: كتاب الكتروني
اللغة: English
منشور في:
Leiden ; Boston :
Brill,
1991.
سلاسل:
Middle East and Islamic Studies - Book Archive pre-2000.
الموضوعات:
الوصول للمادة أونلاين: Login to view Source
الوسوم: إضافة وسم
رقم الطلب: DS247.K87
| LEADER | 02887nam a22004698i 4500 | ||
|---|---|---|---|
| 001 | BRILL9789004661530 | ||
| 005 | 20240604182025.0 | ||
| 006 | m d | ||
| 007 | cr un uuuua | ||
| 008 | 240416s1991 gw sb 001 0 eng d | ||
| 020 | |a 9789004661530 |q (electronic book) | ||
| 020 | |z 9789004094093 |q (print) | ||
| 024 | 7 | |a 10.1163/9789004661530 |2 DOI | |
| 035 | |a (OCoLC)45730367 | ||
| 040 | |a NL-LeKB |c NL-LeKB |e rda | ||
| 041 | |a eng | ||
| 050 | 4 | |a DS247.K87 | |
| 072 | 7 | |a HBJF1 |2 bicssc | |
| 072 | 7 | |a HIS |x 003000 |2 bisacsh | |
| 072 | 7 | |a HIS |x 026000 |2 bisacsh | |
| 082 | 0 | 4 | |a 953.67 |2 23 |
| 100 | 1 | |a Slot, B.J., |e author. | |
| 245 | 1 | 4 | |a The Origins of Kuwait / |c B.J. Slot. |
| 264 | 1 | |a Leiden ; |a Boston : |b Brill, |c 1991. | |
| 264 | 4 | |c ©1991 | |
| 300 | |a 1 online resource (127 pages) : |b illustrations. | ||
| 336 | |a text |b txt |2 rdacontent | ||
| 337 | |a computer |b c |2 rdamedia | ||
| 338 | |a online resource |2 rdacarrier | ||
| 490 | 1 | |a Middle East and Islamic Studies - Book Archive pre-2000 | |
| 504 | |a Includes bibliographical references and index. | ||
| 505 | 0 | |t Preliminary Material / |r B. J. Slot -- Introduction / |r B. J. Slot -- Part I Ilha de Aguada / |r B. J. Slot -- Part 2 Kazima / |r B. J. Slot -- Part 3 Aguada Becomes Faylaka / |r B. J. Slot -- Part 4 Grain and the Utub / |r B. J. Slot -- Part 5 Kuwait / |r B. J. Slot -- Part 6 The Last Steps towards Modern Cartography / |r B. J. Slot -- Conclusion / |r B. J. Slot -- Bibliography / |r B. J. Slot. | |
| 520 | |a Since the discovery of the worlds third largest oil reserves within its borders, Kuwait has achieved international political prominence far exceeding its physical size. The country had already played a role in history before, however. Local sources take that history back to the beginning of the nineteenth century. The present book takes the history of Kuwait still further back using European sources. It includes analyses and comparisons of indications on maps from the sixteenth century onwards and of references to the Kuwait area in documents produced by officials of the Dutch East India Company-the principal Western political and economic power in the Gulf during most of early modern times-, in British documents and in early travel accounts. The book is a valuable contribution to our knowledge of the political position of Kuwait in history vis-à-vis its neighbours, especially the Ottoman authorities in Basra. | ||
| 546 | |a English | ||
| 588 | |a Description based on print version record. | ||
| 650 | 0 | |a Kuwait |x History |v Maps. | |
| 650 | 0 | |a Kuwait |x History. | |
| 776 | 0 | 8 | |i Print version: |t The Origins of Kuwait. |d Leiden ; Boston : Brill, 1991. |z 9789004094093 |w (OCoLC)25025912 |w (DLC) 91189028 |
| 830 | 0 | |a Middle East and Islamic Studies - Book Archive pre-2000. | |
| 856 | 4 | |z DOI: |u http://dx.doi.org/10.1163/9789004661530 | |
| 942 | |2 lcc |c EBOOK | ||
| 999 | |c 58489 |d 58489 | ||
